<?xml version="1.0" encoding="UTF-8"?><?xml-stylesheet type="text/xsl" href="static/style.xsl"?><OAI-PMH xmlns="http://www.openarchives.org/OAI/2.0/" xmlns:xsi="http://www.w3.org/2001/XMLSchema-instance" xsi:schemaLocation="http://www.openarchives.org/OAI/2.0/ http://www.openarchives.org/OAI/2.0/OAI-PMH.xsd"><responseDate>2026-06-03T18:18:11Z</responseDate><request verb="GetRecord" identifier="oai:riuma.uma.es:10630/6567" metadataPrefix="marc">https://riuma.uma.es/rest/oai/request</request><GetRecord><record><header><identifier>oai:riuma.uma.es:10630/6567</identifier><datestamp>2026-02-03T12:52:49Z</datestamp><setSpec>com_10630_5701</setSpec><setSpec>com_10630_3139</setSpec><setSpec>com_10630_10</setSpec><setSpec>col_10630_6477</setSpec></header><metadata><record xmlns="http://www.loc.gov/MARC21/slim" xmlns:dcterms="http://purl.org/dc/terms/" xmlns:doc="http://www.lyncode.com/xoai" xmlns:xsi="http://www.w3.org/2001/XMLSchema-instance" xsi:schemaLocation="http://www.loc.gov/MARC21/slim http://www.loc.gov/standards/marcxml/schema/MARC21slim.xsd">
   <leader>00925njm 22002777a 4500</leader>
   <datafield ind2=" " ind1=" " tag="042">
      <subfield code="a">dc</subfield>
   </datafield>
   <datafield ind2=" " ind1=" " tag="720">
      <subfield code="a">Cerón-Torreblanca, Cristian Matías</subfield>
      <subfield code="e">author</subfield>
   </datafield>
   <datafield ind2=" " ind1=" " tag="260">
      <subfield code="c">2009</subfield>
   </datafield>
   <datafield ind2=" " ind1=" " tag="520">
      <subfield code="a">Este artículo analiza la evolución de la Iglesia Católica en Málaga durante los años de&#xd;
dictadura franquista. Con ese fin, se estudian las políticas emprendidas por esta organización&#xd;
durante esos años. Así se muestran, por un lado, los intentos de la Iglesia Católica por ampliar&#xd;
su ya amplio poder en la ciudad; y por otro, los momentos de fricción que esto generó entre&#xd;
las relaciones Iglesia y Estado y el distanciamiento progresivo de la Iglesia en los últimos años&#xd;
del régimen de Franco. Todo ello enmarcado en el contexto nacional y comparado con las&#xd;
aportaciones que la historia local española ha realizado sobre este tema.</subfield>
   </datafield>
   <datafield ind2=" " ind1=" " tag="520">
      <subfield code="a">This article analyses the evolution of the Catholic Church in Malaga during the years of&#xd;
the Franco regime. It also studies the politics it carried out during this period. Thus, we will&#xd;
examine, on the one hand, the Church’s attempt to expand its extensive power base in the&#xd;
city, and on the other hand, the friction which this created between Church and State and the&#xd;
progressive separation of the Church during the last years of the dictatorship. All this occurs in&#xd;
a national context and is set against the comparative example of other regional cities that local&#xd;
historians have provided.</subfield>
   </datafield>
   <datafield ind1="8" ind2=" " tag="024">
      <subfield code="a">CERÓN TORREBLANCA, CRISTIAN "Las relaciones iglesia-estado en Málaga durante el franquismo 1936-1975" Baetica, 31, 2009, 479-491</subfield>
   </datafield>
   <datafield ind1="8" ind2=" " tag="024">
      <subfield code="a">0212-5099</subfield>
   </datafield>
   <datafield ind1="8" ind2=" " tag="024">
      <subfield code="a">http://hdl.handle.net/10630/6567</subfield>
   </datafield>
   <datafield tag="653" ind2=" " ind1=" ">
      <subfield code="a">Iglesia Católica - Historia - Málaga - 1939-1975</subfield>
   </datafield>
   <datafield ind2="0" ind1="0" tag="245">
      <subfield code="a">Las relaciones iglesia-estado en Málaga durante el franquismo 1936-1975</subfield>
   </datafield>
</record>
</metadata></record></GetRecord></OAI-PMH>